000 00633nam a2200241Ia 4500
003 OSt
005 20220924115508.0
006 a|||||r|||| 00| 0
007 ta
008 220923b |||||||| |||| 00| 0 san d
024 _a25959
037 _cTextual
040 _aARTS
_cARTS
_bsan
041 _2san
_asan
082 _aQ25:4146, 15M2
100 _aSharma Hari Krishan Co.
_9178497
245 0 _aDurgasaptasati
260 _aDelhi
_bButala and Co
_c1982
300 _a286p.
_ccm.
650 _aRELIGION
942 _hQ25:4146, 15M2
_cTEXL
_2CC
999 _c398579
_d398579